[Event "NRW Class1 1819"]
[Site "Germany"]
[Date "2019.01.13"]
[Round "5.3"]
[White "Mikeladze, Berdia"]
[Black "Schienmann, Bruno"]
[Result "1-0"]
[WhiteElo "1963"]
[BlackElo "2234"]
[PlyCount "73"]
[EventDate "2018.09.16"]
[EventType "team-tourn"]
[EventRounds "9"]
[EventCountry "GER"]
[SourceTitle "EXT 2022"]
[Source "ChessBase"]
[SourceDate "2021.10.06"]
[SourceVersion "1"]
[SourceVersionDate "2021.10.06"]
[SourceQuality "1"]
[WhiteTeam "Nienberge"]
[BlackTeam "Niederkassel"]
[WhiteTeamCountry "GER"]
[BlackTeamCountry "GER"]

1. Nf3 Nf6 2. d4 b6 3. Bf4 Bb7 4. e3 d6 5. Bc4 e6 6. 0-0 Be7 7. h3 h6 8. Bd3 g5 9. Bh2 Rg8 10. Nbd2 g4 11. hxg4 Nxg4 12. Bf4 e5 13. Bg3 Nd7 14. dxe5 dxe5 15. Be4 Qc8 16. Bf5 Nxe3 17. fxe3 Rxg3 18. Ne4 Bxe4 19. Bxe4 c6 20. Qe1 Rg8 21. Qc3 Nc5 22. Qxe5 Nxe4 23. Qxe4 Qe6 24. Ne5 Bf6 25. Rxf6 Qxf6 26. Nxf7+ Qe7 27. Ne5 0-0-0 28. Qxc6+ Kb8 29. Qe4 Qb7 30. Qxb7+ Kxb7 31. Nf3 Kc6 32. Kf2 Kd5 33. Rh1 Rd6 34. Rh5+ Kc4 35. a3 Rd5 36. Ne5+ Kc5 37. Nd7+ 1-0

[Event "NRW Class1 1718"]
[Site "Germany"]
[Date "2018.03.11"]
[Round "7.3"]
[White "Schienmann, Bruno"]
[Black "Schmitz, Philipp"]
[Result "0-1"]
[WhiteElo "2263"]
[BlackElo "2159"]
[PlyCount "72"]
[EventDate "2017.09.17"]
[EventType "team-tourn"]
[EventRounds "9"]
[EventCountry "GER"]
[SourceTitle "EXT 2019"]
[Source "ChessBase"]
[SourceDate "2018.10.10"]
[SourceVersion "1"]
[SourceVersionDate "2018.10.10"]
[SourceQuality "1"]
[WhiteTeam "Niederkassel"]
[BlackTeam "Iserlohn Koenigsspringer"]
[WhiteTeamCountry "GER"]
[BlackTeamCountry "GER"]

1. d4 Nf6 2. c4 g6 3. Nc3 d5 4. cxd5 Nxd5 5. e4 Nxc3 6. bxc3 Bg7 7. Bg5 c5 8. Rc1 cxd4 9. cxd4 0-0 10. Nf3 Bg4 11. d5 h6 12. Be3 e6 13. Bc4 exd5 14. Bxd5 Nc6 15. Qb3 Bxf3 16. gxf3 Nd4 17. Qd1 Qf6 18. f4 Rad8 19. 0-0 Ne6 20. Qg4 h5 21. Qg3 Nd4 22. Bxd4 Qxd4 23. Bxb7 Bh6 24. Rb1 Qd2 25. f5 Rd3 26. Qg2 Kh7 27. fxg6+ fxg6 28. Bd5 Rf4 29. Rb7+ Bg7 30. f3 Kh6 31. Bg8 Bd4+ 32. Kh1 Qxg2+ 33. Kxg2 Rd2+ 34. Kg3 Be5 35. Rh7+ Kg5 36. h4+ Rxh4+ 0-1

[Event "NRW Class1 1718"]
[Site "Germany"]
[Date "2017.12.17"]
[Round "4.4"]
[White "Schienmann, Bruno"]
[Black "Krause, Thomas2222"]
[Result "1/2-1/2"]
[WhiteElo "2263"]
[BlackElo "2158"]
[PlyCount "146"]
[EventDate "2017.09.17"]
[EventType "team-tourn"]
[EventRounds "9"]
[EventCountry "GER"]
[SourceTitle "EXT 2019"]
[Source "ChessBase"]
[SourceDate "2018.10.10"]
[SourceVersion "1"]
[SourceVersionDate "2018.10.10"]
[SourceQuality "1"]
[WhiteTeam "Niederkassel"]
[BlackTeam "Duesseldorf II"]
[WhiteTeamCountry "GER"]
[BlackTeamCountry "GER"]

1. d4 d5 2. c4 e6 3. Nc3 Nf6 4. cxd5 exd5 5. Bg5 c6 6. e3 Be7 7. Bd3 Nbd7 8. Nge2 h6 9. Bh4 Nh5 10. Bxe7 Qxe7 11. Qc2 Nb6 12. 0-0-0 Bd7 13. Kb1 0-0-0 14. h3 Kb8 15. Nc1 g6 16. g4 Ng7 17. Rdg1 h5 18. Qe2 Rh7 19. Qf3 Rdh8 20. Qf4+ Ka8 21. g5 Ne6 22. Qe5 Re8 23. h4 Ng7 24. Qf4 Bf5 25. Re1 Rhh8 26. f3 Ne6 27. Qg3 Bxd3+ 28. Nxd3 Nc4 29. Rh2 Qd6 30. Qxd6 Nxd6 31. Ne5 Re7 32. Kc2 Rd8 33. b4 Nc4 34. f4 Nxe5 35. fxe5 Ng7 36. Kd3 Nf5 37. Rf1 b6 38. Na4 Kb7 39. Rc1 a6 40. a3 Rc7 41. Rb1 Ka7 42. Rc1 Kb7 43. Rf1 Ng3 44. Rf4 Ne4 45. Nc3 Nxc3 46. Kxc3 Rdd7 47. Rhf2 c5 48. bxc5 bxc5 49. dxc5 Rxc5+ 50. Kd3 Rcc7 51. Rf6 Kc8 52. Rxa6 Kd8 53. e6 fxe6 54. Rxe6 Ra7 55. Rf8+ Kc7 56. Rxg6 Rxa3+ 57. Ke2 Re7 58. Rf3 d4 59. Rgf6 dxe3 60. Rf7 Ra2+ 61. Ke1 Ra1+ 62. Ke2 Ra2+ 63. Kd3 Rd2+ 64. Kc3 Rdd7 65. Rxe7 Rxe7 66. Rf1 e2 67. Re1 Re4 68. Kd3 Rxh4 69. Rxe2 Rg4 70. Re5 h4 71. Ke3 h3 72. Re7+ Kd6 73. Rh7 Rxg5 1/2-1/2

[Event "NRW Class2 1617"]
[Site "Germany"]
[Date "2017.01.22"]
[Round "5.1"]
[White "Schischke, Reinhard"]
[Black "Schienmann, Bruno"]
[Result "1-0"]
[WhiteElo "2219"]
[BlackElo "2300"]
[PlyCount "53"]
[EventDate "2016.09.25"]
[EventType "team-tourn"]
[EventRounds "9"]
[EventCountry "GER"]
[SourceTitle "EXT 2023"]
[Source "ChessBase"]
[SourceDate "2022.10.05"]
[SourceVersion "1"]
[SourceVersionDate "2022.10.05"]
[SourceQuality "1"]
[WhiteTeam "Siegen"]
[BlackTeam "Niederkassel"]
[WhiteTeamCountry "GER"]
[BlackTeamCountry "GER"]

1. e4 e6 2. d4 d5 3. Nd2 c5 4. Ngf3 cxd4 5. Bb5+ Nc6 6. 0-0 Bd6 7. Re1 Nge7 8. e5 Bc7 9. Nb3 Ng6 10. Nbxd4 Bd7 11. Bg5 Qb8 12. c4 0-0 13. cxd5 Nxd4 14. Nxd4 Bxb5 15. Nxb5 Bxe5 16. h4 f6 17. h5 Ne7 18. d6 Nd5 19. Qg4 Qe8 20. Rad1 Rd8 21. Rxe5 fxe5 22. Bxd8 Rf7 23. Be7 Nxe7 24. dxe7 Qxe7 25. Nc3 Rf4 26. Qe2 Qc7 27. Qb5 1-0

[Event "Schwert von Luelsdorf op 27th"]
[Site "Niederkassel"]
[Date "2016.09.04"]
[Round "8"]
[White "Schienmann, Bruno"]
[Black "Orlov, Andrey"]
[Result "0-1"]
[WhiteElo "2300"]
[BlackElo "2481"]
[PlyCount "72"]
[EventDate "2016.09.04"]
[EventType "swiss (rapid)"]
[EventRounds "9"]
[EventCountry "GER"]
[SourceTitle "CBM 174 Extra"]
[Source "ChessBase"]
[SourceDate "2016.10.10"]
[SourceVersion "1"]
[SourceVersionDate "2016.10.10"]
[SourceQuality "1"]

1. d4 d6 2. c4 e5 3. d5 f5 4. Nc3 Nf6 5. e4 fxe4 6. Nge2 Bf5 7. Ng3 Bg6 8. h4 h6 9. Be2 Nbd7 10. Qc2 Nc5 11. f3 Be7 12. fxe4 0-0 13. Bf3 Nfd7 14. h5 Bh4 15. Nce2 Bh7 16. b4 Na6 17. a3 Nab8 18. Bd2 a5 19. 0-0-0 axb4 20. axb4 Bg5 21. Kb2 Nb6 22. Rhf1 N8d7 23. Bg4 Rxf1 24. Be6+ Kh8 25. Bxg5 Qxg5 26. Rxf1 Nf6 27. Ra1 Rxa1 28. Kxa1 Qe3 29. c5 dxc5 30. Qxc5 Qa3+ 31. Kb1 Na4 32. Qf8+ Bg8 33. Kc2 Qa2+ 34. Kd3 Nb2+ 35. Kc2 Nc4+ 36. Kc3 b5 0-1

[Event "NRW Class2 1516"]
[Site "Germany"]
[Date "2016.04.03"]
[Round "8.3"]
[White "Schienmann, Bruno"]
[Black "Schroeder, Kevin"]
[Result "1-0"]
[WhiteElo "2233"]
[BlackElo "2217"]
[PlyCount "48"]
[EventDate "2015.09.27"]
[EventType "team-tourn"]
[EventRounds "9"]
[EventCountry "GER"]
[SourceTitle "EXT 2017"]
[Source "ChessBase"]
[SourceDate "2016.10.25"]
[SourceVersion "1"]
[SourceVersionDate "2016.10.25"]
[SourceQuality "1"]
[WhiteTeam "Niederkassel"]
[BlackTeam "Dortmund Hansa II"]
[WhiteTeamCountry "GER"]
[BlackTeamCountry "GER"]

1. d4 Nf6 2. c4 e6 3. Nc3 Bb4 4. e3 c5 5. Nge2 b6 6. a3 Ba5 7. Rb1 Qe7 8. g3 Bb7 9. d5 Nxd5 10. cxd5 Bxd5 11. b4 Bxb4 12. axb4 Bxh1 13. bxc5 bxc5 14. f4 0-0 15. Kf2 Bc6 16. Ba3 Na6 17. Nd4 Nb4 18. Nxc6 Nxc6 19. Ne4 Nb4 20. Nxc5 a5 21. Na6 Rfc8 22. Nxb4 axb4 23. Bxb4 Ra2+ 24. Kg1 Qd8 1-0

[Event "Oberliga Baden 9394"]
[Site "Germany"]
[Date "1994.01.16"]
[Round "5.3"]
[White "Schienmann, Bruno"]
[Black "Guenthner, Oliver"]
[Result "0-1"]
[WhiteElo "2250"]
[BlackElo "2260"]
[PlyCount "94"]
[EventDate "1993.10.??"]
[EventType "team"]
[EventRounds "9"]
[EventCountry "GER"]
[SourceTitle "EXT 2004"]
[Source "ChessBase"]
[SourceDate "2003.11.25"]
[SourceVersion "1"]
[SourceVersionDate "2003.11.25"]
[SourceQuality "1"]
[WhiteTeam "Konstanz"]
[BlackTeam "Untergrombach"]
[WhiteTeamCountry "GER"]
[BlackTeamCountry "GER"]

1. d4 Nf6 2. c4 g6 3. Nc3 d5 4. cxd5 Nxd5 5. Nf3 Bg7 6. e4 Nxc3 7. bxc3 c5 8. Rb1 0-0 9. Be2 Nc6 10. d5 Ne5 11. Nxe5 Bxe5 12. Qd2 e6 13. f4 Bg7 14. 0-0 exd5 15. exd5 b6 16. c4 Bf5 17. Bd3 Qd7 18. Bb2 Bxb2 19. Rxb2 Rfe8 20. Rb3 Bxd3 21. Rxd3 Qf5 22. d6 Rad8 23. Rff3 Re4 24. Rd5 Qf6 25. f5 Rd4 26. fxg6 Rxd2 27. Rxf6 Rxd5 28. gxf7+ Kg7 29. f8Q+ Rxf8 30. Rxf8 Rxd6 31. Ra8 Rd1+ 32. Kf2 Rd2+ 33. Kf3 Rxa2 34. h4 Ra4 35. g4 h5 36. g5 Rxc4 37. Rxa7+ Kg6 38. Kg3 b5 39. Ra6+ Kf5 40. Rf6+ Ke5 41. Rh6 b4 42. Rxh5 b3 43. g6+ Kf6 44. Rg5 b2 45. g7 b1Q 46. g8Q Qg1+ 47. Kf3 Rc3+ 0-1

[Event "Zuerich op-A 18th"]
[Site "Zuerich"]
[Date "1994.??.??"]
[Round "?"]
[White "Schienmann, Bruno"]
[Black "Ekstroem, Roland"]
[Result "1/2-1/2"]
[WhiteElo "2240"]
[BlackElo "2430"]
[PlyCount "58"]
[EventDate "1994.12.26"]
[EventType "swiss"]
[EventRounds "7"]
[EventCountry "SUI"]
[SourceTitle "EXT 1997"]
[Source "ChessBase"]
[SourceDate "1996.11.15"]
[SourceVersion "1"]
[SourceVersionDate "1996.11.15"]
[SourceQuality "1"]

1. d4 d5 2. c4 c6 3. Nf3 Nf6 4. cxd5 cxd5 5. Nc3 Nc6 6. Bf4 e6 7. e3 Bd6 8. Bxd6 Qxd6 9. Bd3 0-0 10. 0-0 Rd8 11. Qe2 e5 12. Nb5 Qe7 13. Nxe5 Nxe5 14. dxe5 Qxe5 15. h3 Qg5 16. f4 Qg3 17. Qf2 Qxf2+ 18. Kxf2 Bd7 19. Nd4 Rac8 20. Rac1 Kf8 21. Kf3 h5 22. f5 Ke7 23. Kf4 Kd6 24. Nf3 a6 25. Rfe1 Re8 26. Ng5 Ke7 27. Nf3 Kd6 28. Ng5 Ke7 29. Nf3 Kd6 1/2-1/2

[Event "Oberliga Baden 9394"]
[Site "Germany"]
[Date "1993.10.17"]
[Round "2.2"]
[White "Schienmann, Bruno"]
[Black "Scherer, Helmut"]
[Result "1/2-1/2"]
[WhiteElo "2250"]
[BlackElo "2295"]
[PlyCount "87"]
[EventDate "1993.10.??"]
[EventType "team"]
[EventRounds "9"]
[EventCountry "GER"]
[SourceTitle "EXT 2004"]
[Source "ChessBase"]
[SourceDate "2003.11.25"]
[SourceVersion "1"]
[SourceVersionDate "2003.11.25"]
[SourceQuality "1"]
[WhiteTeam "Konstanz"]
[BlackTeam "Freiburg"]
[WhiteTeamCountry "GER"]
[BlackTeamCountry "GER"]

1. d4 Nf6 2. Nf3 d5 3. c4 e6 4. Nc3 Be7 5. cxd5 exd5 6. Bg5 Nbd7 7. e3 0-0 8. Bd3 b6 9. h4 Bb7 10. Qc2 Re8 11. 0-0-0 Ne4 12. g4 Nf8 13. Bf4 Bd6 14. Ne5 Nxc3 15. bxc3 c5 16. g5 cxd4 17. exd4 Rc8 18. Kb1 b5 19. h5 f6 20. Bxh7+ Nxh7 21. h6 Rc7 22. Nf7 Rxf7 23. g6 Rc7 24. hxg7 Rxg7 25. Bh6 Nf8 26. Bxg7 Kxg7 27. Qd2 Nxg6 28. Qh6+ Kf7 29. Qh7+ Ke6 30. Rde1+ Ne5 31. Qxb7 Qa8 32. Qxa8 Rxa8 33. dxe5 fxe5 34. Rh6+ Kd7 35. Kc2 Rf8 36. Re2 Rf4 37. Rh7+ Kc6 38. Rxa7 Bc5 39. Ra6+ Kb7 40. Re6 e4 41. Kd2 Bxf2 42. Rd6 Rf5 43. Kc2 Bc5 44. Re6 1/2-1/2

[Event "Oberliga Baden 9293"]
[Site "Baden"]
[Date "1993.03.28"]
[Round "8.2"]
[White "Schienmann, Bruno"]
[Black "Welz, Thomas"]
[Result "0-1"]
[WhiteElo "2255"]
[BlackElo "2325"]
[PlyCount "82"]
[EventDate "1992.10.??"]
[EventType "team"]
[EventRounds "9"]
[EventCountry "GER"]
[SourceTitle "GER"]
[Source "ChessBase"]
[SourceDate "1999.07.01"]
[SourceVersion "1"]
[SourceVersionDate "1999.07.01"]
[SourceQuality "1"]
[WhiteTeam "Konstanz"]
[BlackTeam "Eppingen II"]
[WhiteTeamCountry "GER"]
[BlackTeamCountry "GER"]

1. d4 g6 2. c4 Bg7 3. Nc3 c5 4. d5 d6 5. e4 e5 6. dxe6 Bxe6 7. Nb5 Qa5+ 8. Qd2 Qxd2+ 9. Bxd2 Kd7 10. 0-0-0 Nc6 11. Be3 Ke7 12. f4 Bh6 13. Nxd6 b6 14. h3 Rd8 15. Nb5 Nf6 16. Nc3 Rxd1+ 17. Kxd1 Nh5 18. Nd5+ Bxd5 19. cxd5 Ng3 20. Ne2 Nxh1 21. dxc6 Bg7 22. g3 Bd4 23. Kd2 Nf2 24. Nxd4 Nxe4+ 25. Kd3 Nxg3 26. Bg2 cxd4 27. Bxd4 f6 28. a4 Nf5 29. Bg1 Kd6 30. a5 Kc7 31. axb6+ axb6 32. Kc4 Ra8 33. Bf2 Ra4+ 34. Kb5 Ra5+ 35. Kb4 Ra2 36. Kb3 Ra5 37. Kc3 Ra4 38. Bd5 h5 39. b4 Ra3+ 40. Kc4 Rxh3 41. Be1 Ne3+ 0-1

[Event "Oberliga Baden 9293"]
[Site "Baden"]
[Date "1992.11.15"]
[Round "3.6"]
[White "Mueller, Rudolf"]
[Black "Schienmann, Bruno"]
[Result "1-0"]
[WhiteElo "2320"]
[BlackElo "2255"]
[PlyCount "29"]
[EventDate "1992.10.??"]
[EventType "team"]
[EventRounds "9"]
[EventCountry "GER"]
[SourceTitle "GER"]
[Source "ChessBase"]
[SourceDate "1999.07.01"]
[SourceVersion "1"]
[SourceVersionDate "1999.07.01"]
[SourceQuality "1"]
[WhiteTeam "Karlsruhe II"]
[BlackTeam "Konstanz"]
[WhiteTeamCountry "GER"]
[BlackTeamCountry "GER"]

1. e4 e6 2. d4 d5 3. e5 c5 4. c3 Nc6 5. Nf3 Qb6 6. Bd3 cxd4 7. cxd4 f6 8. 0-0 Bd7 9. Nc3 Be7 10. Re1 Nxd4 11. Nxd4 fxe5 12. Qh5+ g6 13. Bxg6+ Kd8 14. Qxe5 Bf6 15. Bg5 1-0

[Event "Oberliga Baden 9192"]
[Site "Baden"]
[Date "1991.12.15"]
[Round "4.2"]
[White "Schienmann, Bruno"]
[Black "Weiss, Roland"]
[Result "1-0"]
[WhiteElo "2265"]
[BlackElo "2275"]
[PlyCount "63"]
[EventDate "1991.10.??"]
[EventType "team"]
[EventRounds "9"]
[EventCountry "GER"]
[SourceTitle "GER"]
[Source "ChessBase"]
[SourceDate "1999.07.01"]
[SourceVersion "1"]
[SourceVersionDate "1999.07.01"]
[SourceQuality "1"]
[WhiteTeam "Konstanz"]
[BlackTeam "Waldshut"]
[WhiteTeamCountry "GER"]
[BlackTeamCountry "GER"]

1. d4 d5 2. c4 e6 3. Nc3 Nf6 4. cxd5 exd5 5. Bg5 Be7 6. e3 0-0 7. Bd3 c6 8. Qc2 Nbd7 9. h3 Re8 10. Nf3 Ne4 11. Bxe4 Bxg5 12. Bxh7+ Kh8 13. h4 Bf6 14. g4 Nf8 15. Bf5 Bxf5 16. Qxf5 Qd7 17. Qxd7 Nxd7 18. g5 Be7 19. 0-0-0 Bd6 20. h5 Kg8 21. Nh4 Nf8 22. Nf5 Rad8 23. Rh3 Re6 24. f4 Bb4 25. Ne2 Rde8 26. a3 Ba5 27. Rg1 Bc7 28. Kd2 b6 29. h6 gxh6 30. Nxh6+ Kg7 31. Ng3 c5 32. Nh5+ 1-0

[Event "Zuerich op-A 15th"]
[Site "Zuerich"]
[Date "1991.??.??"]
[Round "6"]
[White "Schienmann, Bruno"]
[Black "Schwaegli, Bruno"]
[Result "0-1"]
[WhiteElo "2250"]
[BlackElo "2260"]
[PlyCount "64"]
[EventDate "1991.12.26"]
[EventType "swiss"]
[EventRounds "7"]
[EventCountry "SUI"]
[SourceTitle "EXT 1997"]
[Source "ChessBase"]
[SourceDate "1996.11.15"]
[SourceVersion "1"]
[SourceVersionDate "1996.11.15"]
[SourceQuality "1"]

1. d4 d5 2. c4 e6 3. Nc3 c5 4. cxd5 exd5 5. Nf3 Nc6 6. g3 Nf6 7. Bg2 Be7 8. 0-0 0-0 9. Bf4 cxd4 10. Nxd4 Qb6 11. Nxc6 bxc6 12. Qc2 Bg4 13. Rac1 Rac8 14. Be5 Rfd8 15. e3 Qa6 16. h3 Be6 17. g4 Nd7 18. Bg3 Bf6 19. Rfd1 Nb6 20. f4 d4 21. Ne4 dxe3 22. Nxf6+ gxf6 23. Qc3 Rxd1+ 24. Rxd1 Bd5 25. Qxf6 Qe2 26. Rxd5 Nxd5 27. Qg5+ Kf8 28. f5 f6 29. Qh6+ Kg8 30. g5 Nf4 31. Bf1 Qf3 32. Bxf4 Qf2+ 0-1

[Event "Cannes op"]
[Site "Cannes"]
[Date "1990.??.??"]
[Round "9"]
[White "Etchegaray, Patrice"]
[Black "Schienmann, Bruno"]
[Result "1/2-1/2"]
[WhiteElo "2280"]
[BlackElo "2245"]
[PlyCount "71"]
[EventDate "1990.02.??"]
[EventType "swiss"]
[EventRounds "9"]
[EventCountry "FRA"]
[SourceTitle "EXT 1997"]
[Source "ChessBase"]
[SourceDate "1996.11.15"]
[SourceVersion "1"]
[SourceVersionDate "1996.11.15"]
[SourceQuality "1"]

1. d4 e6 2. e4 d5 3. e5 c5 4. c3 Nc6 5. Nf3 Qb6 6. Bd3 cxd4 7. cxd4 Bd7 8. Nc3 Nxd4 9. Nxd4 Qxd4 10. 0-0 Qxe5 11. Re1 Qb8 12. Nxd5 Bd6 13. Bd2 Kf8 14. Qg4 h5 15. Qh3 Nh6 16. Ne3 Kg8 17. Nc4 Ng4 18. Nxd6 Qxd6 19. Bc3 e5 20. Rad1 Qf6 21. Qf3 Bc6 22. Qg3 Qf4 23. Bxe5 Qxg3 24. Bxg3 h4 25. Bf4 h3 26. Bf5 Nf6 27. Bxh3 Rh5 28. Re5 Rh4 29. Bg5 Ra4 30. a3 Ne4 31. Bc1 f6 32. Re7 Kf8 33. Rc7 Re8 34. Be3 a6 35. Bf5 Ra5 36. Bg6 1/2-1/2

[Event "BL2-Sued-West 8990"]
[Site "Germany"]
[Date "1990.??.??"]
[Round "?.2"]
[White "Koerholz, Ludger"]
[Black "Schienmann, Bruno"]
[Result "1/2-1/2"]
[WhiteElo "2255"]
[BlackElo "2245"]
[PlyCount "102"]
[EventDate "1989.10.??"]
[EventType "team-tourn"]
[EventRounds "9"]
[EventCountry "GER"]
[SourceTitle "GER-chT2"]
[Source "ChessBase"]
[SourceDate "1999.07.01"]
[SourceVersion "1"]
[SourceVersionDate "1999.07.01"]
[SourceQuality "1"]
[WhiteTeam "Koblenz II"]
[BlackTeam "Waldshut"]
[WhiteTeamCountry "GER"]
[BlackTeamCountry "GER"]

1. d4 e6 2. c4 Nf6 3. Nc3 Bb4 4. Qc2 c5 5. dxc5 Nc6 6. Nf3 0-0 7. g3 h6 8. Bg2 Bxc5 9. 0-0 b6 10. Rd1 Bb7 11. Bf4 Rc8 12. a3 d5 13. cxd5 exd5 14. Bh3 Ra8 15. b4 Bd6 16. Qd2 Re8 17. Be3 Ne5 18. Nxe5 Bxe5 19. Bd4 Bxd4 20. Qxd4 Qe7 21. Rd2 Ne4 22. Nxe4 dxe4 23. Rad1 e3 24. Qxe3 Qxe3 25. fxe3 Rxe3 26. Rd7 Bc6 27. Rc7 Ba4 28. Rd2 a5 29. Bg2 Rae8 30. Ra7 R3e7 31. Ra6 Rxe2 32. Rxe2 Rxe2 33. bxa5 bxa5 34. Rxa5 Bc2 35. Bf3 Rd2 36. Rd5 Rxd5 37. Bxd5 Kf8 38. Kf2 Ke7 39. Ke3 f5 40. Bc4 Ba4 41. Kd4 Kd6 42. Bd3 Ke6 43. Bc4+ Kd6 44. Bd3 Ke6 45. Kc5 g5 46. Kb4 Bc6 47. a4 f4 48. gxf4 gxf4 49. a5 Kd5 50. Kc3 Kc5 51. a6 f3 1/2-1/2

[Event "BL2-Sued-West 8990"]
[Site "Germany"]
[Date "1990.??.??"]
[Round "?.2"]
[White "Osieka, Udo"]
[Black "Schienmann, Bruno"]
[Result "0-1"]
[WhiteElo "2235"]
[BlackElo "2245"]
[PlyCount "104"]
[EventDate "1989.10.??"]
[EventType "team-tourn"]
[EventRounds "9"]
[EventCountry "GER"]
[SourceTitle "GER-chT2"]
[Source "ChessBase"]
[SourceDate "1999.07.01"]
[SourceVersion "1"]
[SourceVersionDate "1999.07.01"]
[SourceQuality "1"]
[WhiteTeam "Miesenbach"]
[BlackTeam "Waldshut"]
[WhiteTeamCountry "GER"]
[BlackTeamCountry "GER"]

1. c4 e5 2. Nc3 Nf6 3. Nf3 Nc6 4. e3 Bb4 5. Nd5 Be7 6. d3 0-0 7. Be2 d6 8. Nxe7+ Nxe7 9. 0-0 Ng6 10. b3 h6 11. Bb2 Nh7 12. d4 e4 13. Nd2 d5 14. cxd5 Nf6 15. Qc2 Bf5 16. Ba3 Re8 17. Bb5 Bd7 18. Bc4 Rc8 19. Rae1 a6 20. f3 b5 21. fxe4 bxc4 22. bxc4 Nh7 23. e5 Qg5 24. Ne4 Qh5 25. Nc5 Bg4 26. Nxa6 Ng5 27. Bc1 Nh4 28. Kh1 Ra8 29. Nxc7 Ngf3 30. Nxa8 Nxh2 31. Kg1 Rxa8 32. e4 N2f3+ 33. Rxf3 Nxf3+ 34. gxf3 Bxf3 35. Qh2 Qg4+ 36. Kf1 Bxe4 37. a3 Bd3+ 38. Kf2 Qxd4+ 39. Be3 Qxc4 40. d6 Rxa3 41. Qg3 Bf5 42. Qf4 Ra2+ 43. Kg1 Qc2 44. Qf2 Qc3 45. Bd4 Qb4 46. Qe3 Rd2 47. Rf1 Bh3 48. Rf2 Rxd4 49. Qxh3 Rg4+ 50. Kf1 Qb1+ 51. Ke2 Qc2+ 52. Kf3 Qe4# 0-1

[Event "Cannes op"]
[Site "Cannes"]
[Date "1990.??.??"]
[Round "4"]
[White "Schienmann, Bruno"]
[Black "Andruet, Gilles"]
[Result "1/2-1/2"]
[WhiteElo "2245"]
[BlackElo "2355"]
[PlyCount "77"]
[EventDate "1990.02.??"]
[EventType "swiss"]
[EventRounds "9"]
[EventCountry "FRA"]
[SourceTitle "EXT 1997"]
[Source "ChessBase"]
[SourceDate "1996.11.15"]
[SourceVersion "1"]
[SourceVersionDate "1996.11.15"]
[SourceQuality "1"]

1. d4 Nf6 2. c4 c5 3. d5 b5 4. cxb5 a6 5. bxa6 g6 6. g3 d6 7. Nh3 Bg7 8. Nf4 0-0 9. Bg2 Nxa6 10. Nc3 Qb6 11. 0-0 Nc7 12. h4 Nb5 13. Bd2 Nd7 14. Qc1 Ba6 15. Nxb5 Qxb5 16. Bc3 Bxc3 17. Qxc3 Rfb8 18. b3 c4 19. bxc4 Qxc4 20. Qxc4 Bxc4 21. Rfc1 Ra4 22. Rab1 Rxb1 23. Rxb1 Nc5 24. Rb8+ Kg7 25. Re8 Kf6 26. Bf3 Rxa2 27. g4 h6 28. Kh2 Bb5 29. Rb8 Bd7 30. Rd8 Ra7 31. Kg3 Ba4 32. Rg8 Bc2 33. Ng2 Ne4+ 34. Bxe4 Bxe4 35. Ne3 Ra5 36. g5+ hxg5 37. Ng4+ Kf5 38. Nh6+ Kf6 39. Ng4+ 1/2-1/2

[Event "BL2-Sued-West 8990"]
[Site "Germany"]
[Date "1990.??.??"]
[Round "?.2"]
[White "Schulze, Ulrich"]
[Black "Schienmann, Bruno"]
[Result "0-1"]
[WhiteElo "2380"]
[BlackElo "2245"]
[PlyCount "76"]
[EventDate "1989.10.??"]
[EventType "team-tourn"]
[EventRounds "9"]
[EventCountry "GER"]
[SourceTitle "GER-chT2"]
[Source "ChessBase"]
[SourceDate "1999.07.01"]
[SourceVersion "1"]
[SourceVersionDate "1999.07.01"]
[SourceQuality "1"]
[WhiteTeam "Zaehringen"]
[BlackTeam "Waldshut"]
[WhiteTeamCountry "GER"]
[BlackTeamCountry "GER"]

1. Nf3 Nf6 2. g3 d5 3. Bg2 g6 4. c4 c6 5. cxd5 cxd5 6. d4 Bg7 7. Nc3 0-0 8. Ne5 Nc6 9. Nxc6 bxc6 10. 0-0 Nd7 11. b3 Qb6 12. e3 Ba6 13. Re1 e5 14. Ba3 Rfe8 15. Na4 Qa5 16. Bb2 e4 17. Rc1 Re6 18. Bc3 Qb5 19. Bf1 Qb7 20. Nc5 Nxc5 21. dxc5 Bxc3 22. Rxc3 Bxf1 23. Rxf1 a5 24. a3 Re5 25. Qd4 Rh5 26. f4 exf3 27. e4 Re8 28. exd5 Rxd5 29. Qc4 f5 30. Rcxf3 Re4 31. Qc2 Qe7 32. R1f2 Rxc5 33. Rc3 Re1+ 34. Kg2 Rxc3 35. Qxc3 Qe4+ 36. Kh3 Rg1 37. Rf4 Qg2+ 38. Kh4 Qxh2+ 0-1

[Event "Lugano op"]
[Site "Lugano"]
[Date "1989.03.07"]
[Round "5"]
[White "Vezzosi, Paolo"]
[Black "Schienmann, Bruno"]
[Result "1/2-1/2"]
[WhiteElo "2340"]
[BlackElo "2245"]
[PlyCount "85"]
[EventDate "1989.03.03"]
[EventType "swiss"]
[EventRounds "9"]
[EventCountry "SUI"]
[SourceTitle "TD"]
[Source "ChessBase"]
[SourceDate "1994.03.01"]
[SourceVersion "1"]
[SourceVersionDate "1994.03.01"]
[SourceQuality "1"]

1. d4 e6 2. Nf3 Nf6 3. c4 Bb4+ 4. Nbd2 0-0 5. a3 Bxd2+ 6. Qxd2 a5 7. b3 d6 8. g3 b6 9. Bg2 Bb7 10. 0-0 Nbd7 11. Bb2 Qe7 12. Rad1 Be4 13. Bh3 Bxf3 14. exf3 d5 15. a4 c5 16. Rfe1 cxd4 17. cxd5 Nxd5 18. Bxd4 Nc5 19. Qb2 Qg5 20. Bf1 Rfd8 21. Bc4 Nb4 22. h4 Qg6 23. Bxc5 bxc5 24. Qe5 Nc2 25. Rf1 Nd4 26. Kg2 Qf5 27. Qe3 Rab8 28. Rd3 Rb4 29. Re1 g6 30. g4 Qf6 31. Qg5 Qxg5 32. hxg5 Kg7 33. f4 h6 34. gxh6+ Kxh6 35. g5+ Kg7 36. Re5 Rc8 37. Rg3 Kf8 38. Rh3 Ke7 39. Rh7 Rb6 40. Rh3 Kd6 41. Ree3 Rbb8 42. Rh7 Ke7 43. Re5 1/2-1/2

[Event "Lugano op"]
[Site "Lugano"]
[Date "1989.03.06"]
[Round "4"]
[White "Schienmann, Bruno"]
[Black "Zorman, Vojko"]
[Result "1-0"]
[WhiteElo "2245"]
[BlackElo "2290"]
[PlyCount "59"]
[EventDate "1989.03.03"]
[EventType "swiss"]
[EventRounds "9"]
[EventCountry "SUI"]
[SourceTitle "TD"]
[Source "ChessBase"]
[SourceDate "1994.03.01"]
[SourceVersion "1"]
[SourceVersionDate "1994.03.01"]
[SourceQuality "1"]

1. d4 d5 2. c4 c6 3. Nf3 Nf6 4. Nc3 e6 5. cxd5 cxd5 6. Bg5 Nbd7 7. e3 Qa5 8. Bd3 Bb4 9. Qb3 Ne4 10. Rc1 Nxg5 11. Nxg5 h6 12. Nf3 0-0 13. 0-0 a6 14. Na4 b5 15. Nc5 Bxc5 16. dxc5 Ra7 17. Bb1 Nf6 18. a3 Re7 19. Ne5 Bd7 20. Qd3 h5 21. Qd4 Qc7 22. c6 Bc8 23. f4 Rd8 24. h3 Qd6 25. g4 hxg4 26. hxg4 Ne8 27. Rf2 Rc7 28. Rh2 Nf6 29. g5 Nd7 30. Rh4 1-0